000 nam a22 7a 4500
999 _c29399
_d29399
008 171205b xxu||||| |||| 00| 0 eng d
020 _a9789966461674
050 _aPL 8379.9 .N45S5 2015
100 _aWa Thiong'o Ngugi.
_d2015
245 _aShetani masalabani.
_cNgugi Wa Thing'o
260 _aNairobi:
_bEast African Education publishers.
300 _aviii,347.p
942 _2lcc
_cAFRICANA
_hPL 8379.9 .N45S5 2015
_011